| 000 | 00907nam a2200277Ia 4500 | ||
|---|---|---|---|
| 003 | OSt | ||
| 005 | 20220918165540.0 | ||
| 006 | a|||||r|||| 00| 0 | ||
| 007 | ta | ||
| 008 | 220917b |||||||| |||| 00| 0 eng d | ||
| 020 |
_a8126127805 (hbk) _c3500 |
||
| 024 | _a232,619 | ||
| 037 |
_b470, 17/10/2007, Sharma Book Company _cTextual |
||
| 040 |
_aARTS _cARTS _beng |
||
| 041 |
_2eng _aeng |
||
| 082 | _aQ7:21:g, P6 | ||
| 100 |
_aAfridi Mohammad Razi Khan _924752 |
||
| 245 | 0 | _aLawful and unlawful under Quran | |
| 260 |
_aNew Delhi _bAnmol Publications Pvt. Ltd. India _c2006 |
||
| 300 |
_axi, 409p. _ccm. |
||
| 490 | _aEncyclopaedia of Quranic sdtudies Series | ||
| 650 | _aRELIGION | ||
| 700 |
_a Navaid Mohammad Ilyas _924753 |
||
| 942 |
_hQ7:21:g, P6 _cTEXL _2CC |
||
| 999 |
_c130336 _d130336 |
||